| Tag |
First Indicator |
Second Indicator |
Subfields |
| LEADER |
00000cam a2200000 a 4500 |
| 001 |
in00000763512 |
| 005 |
20151016171148.0 |
| 008 |
860801s1987 orua b 00110 eng |
| 010 |
|
|
|a 86018237
|
| 020 |
|
|
|a 0875951708 (alk. paper) :
|c $19.95 (est.)
|
| 035 |
|
|
|a (OCoLC)14097297
|
| 035 |
|
|
|9 ADJ8655AM
|
| 040 |
|
|
|a DLC
|c DLC
|d TXA
|d UtOrBLW
|
| 043 |
|
|
|a n-us-ca
|a n-us-or
|
| 049 |
|
|
|a TXAM
|c [A11722191]
|
| 050 |
0 |
0 |
|a F880
|b .L34 1987
|
| 082 |
0 |
|
|a 917.95/043
|2 19
|
| 100 |
1 |
|
|a LaLande, Jeffrey M.
|
| 245 |
1 |
0 |
|a First over the Siskiyous :
|b Peter Skene Ogden's 1826-1827 journey through the Oregon-California borderlands /
|c Jeff LaLande.
|
| 264 |
|
1 |
|a Portland, Or. :
|b Oregon Historical Society Press,
|c [1987]
|
| 264 |
|
4 |
|c ©1987
|
| 300 |
|
|
|a xxxvii, 149 pages :
|b illustrations ;
|c 24 cm.
|
| 336 |
|
|
|a text
|b txt
|2 rdacontent
|
| 337 |
|
|
|a unmediated
|b n
|2 rdamedia
|
| 338 |
|
|
|a volume
|b nc
|2 rdacarrier
|
| 504 |
|
|
|a Bibliography: pages 141-142.
|
| 500 |
|
|
|a Includes index.
|
| 651 |
|
0 |
|a Oregon
|x Description and travel.
|
| 651 |
|
0 |
|a Oregon Territory
|x History.
|
| 651 |
|
0 |
|a California
|x Description and travel.
|
| 600 |
1 |
0 |
|a Ogden, Peter Skene,
|d 1790-1854
|x Travel
|z Oregon.
|
| 600 |
1 |
0 |
|a Ogden, Peter Skene,
|d 1790-1854
|x Travel
|z California.
|
| 700 |
1 |
|
|a Ogden, Peter Skene,
|d 1790-1854.
|
| 999 |
|
|
|a MARS
|
| 999 |
f |
f |
|s 8b76047c-a888-3c7d-83d5-e8d84797d831
|i 77839707-58d5-394a-90fd-4c086ab10808
|t 0
|
| 952 |
f |
f |
|p ric
|a Texas A&M University
|b Rellis Campus
|c Joint Library Facility
|d Remote Storage
|t 0
|e F880 .L34 1987
|h Library of Congress classification
|i unmediated -- volume
|m A14811722191
|
| 998 |
f |
f |
|a F880 .L34 1987
|t 0
|l Remote Storage
|